Countries ending in 'n' - Statistics

General Stats
  • This quiz has been taken 33 times
    18 since last reset
  • The average score is 22 of 25
Answer Stats
Answer % Correct
Afghanistan
100%
Kazakhstan
100%
Kyrgyzstan
100%
Oman
100%
Pakistan
100%
Spain
100%
Turkmenistan
100%
Yemen
100%
Bhutan
92%
Iran
92%
Japan
92%
South Sudan
92%
Sudan
92%
Sweden
92%
Uzbekistan
92%
Azerbaijan
83%
Bahrain
83%
Benin
83%
Lebanon
83%
Tajikistan
83%
Cameroon
75%
Jordan
75%
Taiwan
75%
Liechtenstein
67%
Gabon
58%
No matching quizzes found
Score Distribution
Percent of People with Each Score
Percentile by Number Answered
Your Score History
You have not taken this quiz since the last reset